000 00717nam a22002537a 4500
003 OSt
005 20260601171013.0
008 260430b1995\\\\sz\a||||\||||\001\0\eng\d
020 _a2880462576
040 _aICI
_bspa
_cICI
_erda
041 _aeng
050 _aNC997
_bC55
100 _aCliff, Stafford,
_eautor
245 1 _aThe best in retail corporate identity
264 _aMies, Switzerland
_bRotoVision,
_c1995
300 _a224 páginas :
_bilustraciones (color)
336 _2rdacontent
_atexto
337 _2rdamedia
_asin medio
338 _2rdacarrier
_avolumen
650 1 _2Identidad corporativa
650 2 _2Diseño gráfico
650 2 _2Comercio minorista
_xDiseño
_92672
942 _2lcc
_n1
_cB
999 _c20579
_d20579